Library Logo

Pioneer International University Library Catalogue

Profit patterns : (Record no. 9189)

MARC details
000 -LEADER
fixed length control field 01417cam a2200349 a 4500
001 - CONTROL NUMBER
control field 3089013
003 - CONTROL NUMBER IDENTIFIER
control field OSt
005 - DATE AND TIME OF LATEST TRANSACTION
control field 20250901165801.0
008 - FIXED-LENGTH DATA ELEMENTS--GENERAL INFORMATION
fixed length control field 980903s1999 nyuaf 001 0 eng
010 ## - LIBRARY OF CONGRESS CONTROL NUMBER
LC control number 98031337
020 ## - INTERNATIONAL STANDARD BOOK NUMBER
International Standard Book Number 0812931181 (alk. paper)
040 ## - CATALOGING SOURCE
Original cataloging agency DLC
Transcribing agency DLC
Modifying agency DLC
050 00 - LIBRARY OF CONGRESS CALL NUMBER
Classification number HF 5386 .S6362 1999
Item number .S6362 1999
082 00 - DEWEY DECIMAL CLASSIFICATION NUMBER
Classification number 658.15/5
Edition information 21
100 1# - MAIN ENTRY--PERSONAL NAME
Personal name Slywotzky, Adrian J.
245 10 - TITLE STATEMENT
Title Profit patterns :
Remainder of title 30 ways to anticipate and profit from strategic forces reshaping your business /
Statement of responsibility, etc. Adrian J. Slywotzky and David J. Morrison.
250 ## - EDITION STATEMENT
Edition statement 1st ed.
260 ## - PUBLICATION, DISTRIBUTION, ETC.
Place of publication, distribution, etc. New York :
Name of publisher, distributor, etc. Times Business,
Date of publication, distribution, etc. c1999.
300 ## - PHYSICAL DESCRIPTION
Extent xvi, 432 p., [16] p. of plates :
Other physical details ill. (some col.) ;
Dimensions 24 cm.
500 ## - GENERAL NOTE
General note Includes index.
650 #0 - SUBJECT ADDED ENTRY--TOPICAL TERM
Topical term or geographic name entry element Success in business.
650 #0 - SUBJECT ADDED ENTRY--TOPICAL TERM
Topical term or geographic name entry element Corporate profits.
650 #0 - SUBJECT ADDED ENTRY--TOPICAL TERM
Topical term or geographic name entry element Competition.
700 1# - ADDED ENTRY--PERSONAL NAME
Personal name Morrison, David J.,
Dates associated with a name 1947-
856 42 - ELECTRONIC LOCATION AND ACCESS
Materials specified Contributor biographical information
Uniform Resource Identifier <a href="http://www.loc.gov/catdir/bios/random058/98031337.html">http://www.loc.gov/catdir/bios/random058/98031337.html</a>
856 41 - ELECTRONIC LOCATION AND ACCESS
Materials specified Sample text
Uniform Resource Identifier <a href="http://www.loc.gov/catdir/samples/random041/98031337.html">http://www.loc.gov/catdir/samples/random041/98031337.html</a>
856 42 - ELECTRONIC LOCATION AND ACCESS
Materials specified Publisher description
Uniform Resource Identifier <a href="http://www.loc.gov/catdir/description/random041/98031337.html">http://www.loc.gov/catdir/description/random041/98031337.html</a>
906 ## - LOCAL DATA ELEMENT F, LDF (RLIN)
a 7
b cbc
c orignew
d 1
e ocip
f 19
g y-gencatlg
942 ## - ADDED ENTRY ELEMENTS (KOHA)
Source of classification or shelving scheme Library of Congress Classification
Koha item type Books
Holdings
Withdrawn status Lost status Source of classification or shelving scheme Damaged status Not for loan Home library Current library Shelving location Date acquired Total checkouts Full call number Barcode Date last seen Price effective from Koha item type
    Library of Congress Classification     Main Library Main Library   12/11/2024   HF 5386 .S6362 1999 PIU0016035 12/11/2024 12/11/2024 Books